Big Data Analytics With R And Hadoop (Record no. 213302)

MARC details
000 -LEADER
fixed length control field 00585nam a2200169Ia 4500
008 - FIXED-LENGTH DATA ELEMENTS--GENERAL INFORMATION
fixed length control field 230714s9999 xx 000 0 und d
020 ## - INTERNATIONAL STANDARD BOOK NUMBER
International Standard Book Number 9790000000000
041 ## - LANGUAGE CODE
Language code of text/sound track or separate title eng
082 ## - DEWEY DECIMAL CLASSIFICATION NUMBER
Classification number 004.35
Item number PRA
100 ## - MAIN ENTRY--PERSONAL NAME
Personal name Prajapati V.
9 (RLIN) 195895
245 ## - TITLE STATEMENT
Title Big Data Analytics With R And Hadoop
Remainder of title Set Up An Integrated Infrastructure Of R And Hadoop To Turn Your Data Analytics Into Big Data Analytics
260 ## - PUBLICATION, DISTRIBUTION, ETC. (IMPRINT)
Date of publication, distribution, etc. 2013
Name of publisher, distributor, etc. Packt/SPD
300 ## - PHYSICAL DESCRIPTION
Extent 219
Accompanying material [OBSOLETE, CAN/MARC] Ref 1547 C (48875)
365 ## - TRADE PRICE
Currency code Rs.
Price amount 450.00
700 ## - ADDED ENTRY--PERSONAL NAME
Personal name Prajapati V.
9 (RLIN) 195895
906 ## - LOCAL DATA ELEMENT F, LDF (RLIN)
d O:0406811-Aug-2014B:84607-Jul-2014
c COMP
b 2812.5

No items available.